Best Sold Gameboy Games/Meistverkaufte Gameboyspiele - Statistics

General Stats
  • This quiz has been taken 8 times
  • The average score is 8 of 36
Answer Stats
Place Unit sold Game Genre Release year % Correct
1. 35 Mio. Tetris Puzzle 1989
100%
3. 18,14 Mio. Super Mario Land Jump 'n' Run 1989
75%
2. 31,38 Mio. Pokemon Red/Blue/Green RPG 1996
63%
5. 11,18 Mio. Super Mario Land 2: 6 Golden Coins Jump 'n' Run 1992
63%
13. 3,07 Mio. Donkey Kong Jump 'n' Run 1994
50%
18. 1,99 Mio. Tennis Sport 1989
50%
21. 1,61 Mio. Baseball Sport 1989
38%
9. 3,91 Mio. Donkey Kong Land Jump 'n' Run 1995
38%
15. 2,35 Mio. Donkey Kong Land 2 Jump 'n' Run 1996
38%
6. 5,34 Mio. Dr. Mario Puzzle 1990
38%
4. 14,64 Mio. Pokemon Yellow RPG 1998
38%
7. 5,19 Mio. Wario Land: Super Mario Land 3 Jump 'n' Run 1994
38%
35. 1,03 Mio. Donkey Kong Land III Jump 'n' Run 1997
25%
17. 2,12 Mio. Golf Sport 1989
25%
30. 1,24 Mio. Tetris 2 Puzzle 1993
25%
24. 1,48 Mio. Wario Land II Jump 'n' Run 1998
25%
12. 3,12 Mio. Yoshi Puzzle 1991
25%
11. 3,41 Mio. F-1 Race Race 1990
13%
8. 5,13 Mio. Kirby's Dream Land Jump 'n' Run 1992
13%
14. 2,36 Mio. Kirby's Dream Land 2 Jump 'n' Run 1995
13%
19. 1,94 Mio. Alleyway Puzzle 1989
0%
27. 1,43 Mio. DuckTales Jump 'n' Run 1990
0%
28. 1,37 Mio. Final Fantasy Legend RPG 1989
0%
26. 1,45 Mio. Game de Hakken!! Tamagotch 2 X 1997
0%
36 1 Mio. Game & Watch Gallery Puzzle 1997
0%
31. 1,22 Mio. Game & Watch Gallery 2 Puzzle 1997
0%
16. 2,19 Mio. Kirby's Pinball Land Puzzle 1993
0%
20. 1,72 Mio. Metroid II: Return of Samus Action Adventure 1991
0%
33. 1,15 Mio. Qix Puzzle 1990
0%
32. 1,2 Mio. Solar Striker Shoot 'em up 1990
0%
34. 1,14 Mio. Super RC Pro-Am Race 1991
0%
25. 1,45 Mio. Tamagotchi X 1997
0%
10. 3,83 Mio. The Legend of Zelda: Link's Awekening Action Adventure 1993
0%
29. 1,28 Mio. Yakuman Strategy 1989
0%
23. 1,53 Mio. Yoshi's Cookie Puzzle 1992
0%
22. 1,6 Mio. Yu-Gi-Oh! Duel Monsters Card game 1998
0%
No matching quizzes found
Score Distribution
Percent of People with Each Score
Percentile by Number Answered
Your Score History
You have not taken this quiz